Donetsk/Luhansk People's Republic Country Quiz - Statistics

General Stats
  • This quiz has been taken 99 times
  • The average score is 6 of 11
Answer Stats
Hint Answer % Correct
Year the DPR/LPR was founded 2014
96%
Country that has annexed Luhansk and the territory of the DPR Russia
88%
Country that Donetsk/Luhansk are internationally recognized as part of Ukraine
77%
The most populous city in the DPR (excluding Donetsk) Mariupol
69%
The more common name used for Donetsk/Luhansk Donbas
65%
The current Ukrainian capital of Donetsk Kramatorsk
57%
The union that was proposed between the DPR and LPR Novorossiya
52%
The most populous city in the LPR (excluding Luhansk) Alchevsk
36%
The 3 countries that recognize these republics (type all 3) North Korea, Russia, Syria
33%
Head of the DPR Denis Pushilin
31%
Head of the LPR Leonid Pasechnik
23%
No matching quizzes found
Score Distribution
Percent of People with Each Score
Percentile by Number Answered
Your Score History
You have not taken this quiz